000 00335 a2200157 4500
001 190641
020 _a978-85-89044-56-1
040 _cMagnum
100 _aAlbergaria, Lino de
240 1 0 _aEm nome do filho
_lpor
245 1 0 _aEm nome do filho
300 _a110
362 0 _a2012
697 _aLITERATURA JUVENIL
942 _cBK
999 _c190641
_d190641